Introduction to Mechanical Engineering and Civil Engineering (Record no. 38020)

MARC details
000 -LEADER
fixed length control field 00385nam a22001577a 4500
082 ## - DEWEY DECIMAL CLASSIFICATION NUMBER
Classification number 621 CHI
100 ## - MAIN ENTRY--AUTHOR NAME
Personal name Chithrakumar
100 ## - MAIN ENTRY--AUTHOR NAME
Personal name Vishnu Vijayan
245 ## - TITLE STATEMENT
Title Introduction to Mechanical Engineering and Civil Engineering
250 ## - EDITION STATEMENT
Edition statement 1
260 ## - PUBLICATION, DISTRIBUTION, ETC. (IMPRINT)
Name of publisher Owl Books
Place of publication Trivandrum
Year of publication 2025
546 ## - LANGUAGE NOTE
Language note English
650 ## - SUBJECT ADDED ENTRY--TOPICAL TERM
Topical Term ME
942 ## - ADDED ENTRY ELEMENTS (KOHA)
Koha item type Text Book
952 ## - LOCATION AND ITEM INFORMATION (KOHA)
Damaged status
Not for loan
952 ## - LOCATION AND ITEM INFORMATION (KOHA)
Damaged status
Not for loan
952 ## - LOCATION AND ITEM INFORMATION (KOHA)
Damaged status
Not for loan
952 ## - LOCATION AND ITEM INFORMATION (KOHA)
Damaged status
Not for loan
952 ## - LOCATION AND ITEM INFORMATION (KOHA)
Damaged status
Not for loan
952 ## - LOCATION AND ITEM INFORMATION (KOHA)
Damaged status
Not for loan
952 ## - LOCATION AND ITEM INFORMATION (KOHA)
Damaged status
Not for loan
952 ## - LOCATION AND ITEM INFORMATION (KOHA)
Damaged status
Not for loan
952 ## - LOCATION AND ITEM INFORMATION (KOHA)
Damaged status
Not for loan
952 ## - LOCATION AND ITEM INFORMATION (KOHA)
Damaged status
Not for loan
952 ## - LOCATION AND ITEM INFORMATION (KOHA)
Damaged status
Not for loan
952 ## - LOCATION AND ITEM INFORMATION (KOHA)
Damaged status
Not for loan
952 ## - LOCATION AND ITEM INFORMATION (KOHA)
Damaged status
Not for loan
952 ## - LOCATION AND ITEM INFORMATION (KOHA)
Damaged status
Not for loan
952 ## - LOCATION AND ITEM INFORMATION (KOHA)
Damaged status
Not for loan
952 ## - LOCATION AND ITEM INFORMATION (KOHA)
Damaged status
Not for loan
952 ## - LOCATION AND ITEM INFORMATION (KOHA)
Damaged status
Not for loan
952 ## - LOCATION AND ITEM INFORMATION (KOHA)
Damaged status
Not for loan
952 ## - LOCATION AND ITEM INFORMATION (KOHA)
Damaged status
Not for loan
952 ## - LOCATION AND ITEM INFORMATION (KOHA)
Damaged status
Not for loan
Holdings
Withdrawn status Collection code Permanent Location Current Location Shelving location Date acquired Source of acquisition Cost, normal purchase price Inventory number Full call number Accession Number Price effective from Koha item type
  Mechanical Engineering VAST Central Library VAST Central Library S-103/ME 14/11/2025 Minerva Books 350.00 85 621 CHI 37926 19/11/2025 Text Book
  Mechanical Engineering VAST Central Library VAST Central Library S-103/ME 14/11/2025 Minerva Books 350.00 85 621 CHI 37927 19/11/2025 Text Book
  Mechanical Engineering VAST Central Library VAST Central Library   14/11/2025 Minerva Books 350.00 85 621 CHI 37928 19/11/2025 Text Book
  Mechanical Engineering VAST Central Library VAST Central Library S-103/ME 14/11/2025 Minerva Books 350.00 85 621 CHI 37929 19/11/2025 Text Book
  Mechanical Engineering VAST Central Library VAST Central Library   14/11/2025 Minerva Books 350.00 85 621 CHI 37930 19/11/2025 Text Book
  Mechanical Engineering VAST Central Library VAST Central Library S-103/ME 14/11/2025 Minerva Books 350.00 85 621 CHI 37931 19/11/2025 Text Book
  Mechanical Engineering VAST Central Library VAST Central Library S-103/ME 14/11/2025 Minerva Books 350.00 85 621 CHI 37932 19/11/2025 Text Book
  Mechanical Engineering VAST Central Library VAST Central Library S-103/ME 14/11/2025 Minerva Books 350.00 85 621 CHI 37933 19/11/2025 Text Book
  Mechanical Engineering VAST Central Library VAST Central Library S-103/ME 14/11/2025 Minerva Books 350.00 85 621 CHI 37934 19/11/2025 Text Book
  Mechanical Engineering VAST Central Library VAST Central Library   14/11/2025 Minerva Books 350.00 85 621 CHI 37935 19/11/2025 Text Book
  Mechanical Engineering VAST Central Library VAST Central Library   14/11/2025 Minerva Books 350.00 85 621 CHI 37936 19/11/2025 Text Book
  Mechanical Engineering VAST Central Library VAST Central Library S-103/ME 14/11/2025 Minerva Books 350.00 85 621 CHI 37937 19/11/2025 Text Book
  Mechanical Engineering VAST Central Library VAST Central Library   14/11/2025 Minerva Books 350.00 85 621 CHI 37938 19/11/2025 Text Book
  Mechanical Engineering VAST Central Library VAST Central Library S-103/ME 14/11/2025 Minerva Books 350.00 85 621 CHI 37939 19/11/2025 Text Book
  Mechanical Engineering VAST Central Library VAST Central Library S-103/ME 14/11/2025 Minerva Books 350.00 85 621 CHI 37940 19/11/2025 Text Book
  Mechanical Engineering VAST Central Library VAST Central Library   14/11/2025 Minerva Books 350.00 85 621 CHI 37941 19/11/2025 Text Book
  Mechanical Engineering VAST Central Library VAST Central Library S-103/ME 14/11/2025 Minerva Books 350.00 85 621 CHI 37942 19/11/2025 Text Book
  Mechanical Engineering VAST Central Library VAST Central Library S-103/ME 14/11/2025 Minerva Books 350.00 85 621 CHI 37943 19/11/2025 Text Book
  Mechanical Engineering VAST Central Library VAST Central Library   14/11/2025 Minerva Books 350.00 85 621 CHI 37944 19/11/2025 Text Book
  Mechanical Engineering VAST Central Library VAST Central Library S-103/ME 14/11/2025 Minerva Books 350.00 85 621 CHI 37945 19/11/2025 Text Book